| 000 | 00637nam a2200253 a 4500 | ||
|---|---|---|---|
| 001 | nice12345678 | ||
| 003 | IN_TiNIC | ||
| 005 | 20260116012020.0 | ||
| 008 | 050524s1975 laha grp 000 0 eng | ||
| 020 |
_a _c100 |
||
| 082 | 0 | 0 |
_a954.91 _bMAH |
| 100 | _aMahmood, Safdar | ||
| 245 | _aPolitical Study of Pakistan | ||
| 260 |
_aLahore _bSh. Muhammad Ashraf _c1975 |
||
| 300 | _a222p | ||
| 500 | _aincludes index and biblioraphy | ||
| 505 | 2 | _aBibliography, Index | |
| 650 | _aPakistan-History | ||
| 650 | _aPakistan-Government & Politics | ||
| 700 | 1 | _aMahmood, Safdar | |
| 902 | _bSRS | ||
| 942 | _cBK | ||
| 999 |
_c5298 _d5298 |
||